[Event "ARA Campeonato de Aragon por Equipos Preferente Grupo II (204366)"]
[Site ""]
[Date "2019.02.16"]
[Round "4.59"]
[White "Alas Sebastian, Yasmina"]
[Black "Carruez Gracia, Eduardo"]
[Result "0-1"]
[WhiteElo "1729"]
[BlackElo "1894"]
[PlyCount "0"]
[WhiteTeam "Marcos Frechin B"]
[BlackTeam "Agrupacion C"]
[EventDate "2019.01.26"]

1. e4 e6 2. d3 d5 3. Nd2 Nf6 4. Ngf3 Nc6 5. g3 Bc5 6. Bg2 dxe4 7. dxe4 e5 8.
O-O h6 9. Qe2 Bg4 10. c3 Qe7 11. Re1 Qe6 12. Qb5 Bb6 13. Nc4 a6 14. Qb3 O-O 15.
Nxb6 cxb6 16. Qxb6 Bxf3 17. Bxf3 Nd4 18. Qxe6 Nxf3+ 19. Kf1 fxe6 20. Re2 Rad8
21. Kg2 Nh7 22. Be3 Nhg5 23. Bc5 Rf7 24. h4 Nh7 25. Bb6 Rd2 26. Re3 Rxb2 27.
Rxf3 Rxb6 28. Rd1 Rxf3 29. Kxf3 Nf6 30. Rd2 Kf7 31. Ke3 Rb1 32. Rc2 Re1+ 33.
Kd3 Rxe4 34. Rb2 b5 35. Rb1 Ra4 36. Rb2 Nd7 37. Ke2 Nc5 38. Ke3 Ra3 39. Kd2
Ne4+ 40. Ke1 Nxc3 0-1

[Event "ARA Campeonato de Aragon por Equipos Preferente Grupo II (204366)"]
[Site ""]
[Date "2019.02.16"]
[Round "4.60"]
[White "Martin Pastor, Ivan"]
[Black "Moya Gimeno, Raul"]
[Result "1-0"]
[WhiteElo "1778"]
[BlackElo "1710"]
[PlyCount "0"]
[WhiteTeam "Agrupacion C"]
[BlackTeam "Marcos Frechin B"]
[EventDate "2019.01.26"]

1. Nf3 g6 2. c4 Bg7 3. g3 Nc6 4. Bg2 e5 5. Nc3 d6 6. O-O f5 7. d3 Nf6 8. Rb1 h6
9. b4 O-O 10. b5 Ne7 11. e3 g5 12. Ne1 f4 13. d4 Bg4 14. Qd2 fxe3 15. fxe3 exd4
16. exd4 Qc8 17. Nc2 Bh3 18. Ne3 Bxg2 19. Qxg2 Rb8 20. Bb2 c6 21. a4 Nd7 22.
Ne4 Qc7 23. Qh3 Rbe8 24. Qe6+ Kh8 25. Nxd6 Nf6 26. Nxe8 Rxe8 27. Rxf6 Bxf6 28.
Qxf6+ Kh7 29. Qf7+ 1-0

[Event "ARA Campeonato de Aragon por Equipos Preferente Grupo II (204366)"]
[Site ""]
[Date "2019.02.16"]
[Round "4.61"]
[White "Malo Guillen, Jose Luis"]
[Black "Cebollada Pacheco, Jesus Raul"]
[Result "1-0"]
[WhiteElo "2140"]
[BlackElo "2031"]
[PlyCount "0"]
[WhiteTeam "Las Fuentes"]
[BlackTeam "St. Casablanca B"]
[EventDate "2019.01.26"]

1. d4 Nf6 2. c4 g6 3. Nf3 Bg7 4. g3 O-O 5. Bg2 d6 6. O-O Nc6 7. Nc3 Bf5 8. d5
Na5 9. Nd2 c5 10. e4 Bd7 11. Qc2 a6 12. b3 b5 13. Bb2 bxc4 14. bxc4 Rb8 15. Nd1
e6 16. Bc3 exd5 17. exd5 Re8 18. Ne3 Qc7 19. h3 Re7 20. Rae1 Ne8 21. Bxg7 Nxg7
22. g4 f5 23. Qc3 Rbe8 24. Bf3 f4 25. Ng2 Rxe1 26. Rxe1 Rxe1+ 27. Nxe1 Ne8 28.
Nd3 g5 29. Ne4 h6 30. Nf6+ Nxf6 31. Qxf6 Be8 32. Qxh6 Qe7 33. Nxc5 dxc5 34. d6
Qg7 35. Bd5+ Kf8 36. Qe6 Bd7 37. Qe4 Qf6 38. Qh7 Qg7 39. Qb1 Nc6 40. Qb6 Ne5
41. Qxc5 Nd3 42. Qb6 Qa1+ 43. Kg2 f3+ 44. Kxf3 Qd1+ 45. Ke3 Ne5 46. Qd8+ Be8
47. Qe7# 1-0

[Event "ARA Campeonato de Aragon por Equipos Preferente Grupo II (204366)"]
[Site ""]
[Date "2019.02.16"]
[Round "4.62"]
[White "Sanjulian Arruga, Pablo"]
[Black "Alonso Blasco, Jose Miguel"]
[Result "1-0"]
[WhiteElo "1850"]
[BlackElo "1958"]
[PlyCount "0"]
[WhiteTeam "St. Casablanca B"]
[BlackTeam "Las Fuentes"]
[EventDate "2019.01.26"]

1. c4 Nf6 2. Nc3 e5 3. Nf3 Nc6 4. g3 Bb4 5. Nd5 Bc5 6. Bg2 O-O 7. O-O d6 8. d3
h6 9. a3 a5 10. b3 Be6 11. Nd2 Rb8 12. Nxf6+ Qxf6 13. Ne4 Qe7 14. Nxc5 dxc5 15.
Bd2 Qd7 16. Bc3 Bh3 17. Qd2 Bxg2 18. Kxg2 b6 19. Qb2 Qe7 20. f4 f6 21. fxe5
fxe5 22. e3 Rbd8 23. Rxf8+ Kxf8 24. Qf2+ Qf7 25. Rf1 Qxf2+ 26. Kxf2 Ke7 27. Ke2
Ke6 28. g4 g6 29. Rf3 Ne7 30. Rh3 Ng8 31. g5 hxg5 32. Rh7 Nf6 33. Rxc7 Rh8 34.
Rc6+ Kf7 35. Bxe5 1-0

[Event "ARA Campeonato de Aragon por Equipos Preferente Grupo II (204366)"]
[Site ""]
[Date "2019.02.16"]
[Round "4.63"]
[White "Querol Soro, Sergio"]
[Black "Ayensa Garcia, Miguel Angel"]
[Result "1/2-1/2"]
[WhiteElo "1927"]
[BlackElo "1849"]
[PlyCount "0"]
[WhiteTeam "Las Fuentes"]
[BlackTeam "St. Casablanca B"]
[EventDate "2019.01.26"]

1. b4 e5 2. Bb2 Bxb4 3. Bxe5 Nf6 4. Nf3 Nc6 5. Bb2 d5 6. e3 O-O 7. Be2 a5 8. c3
Bd6 9. Na3 Na7 10. c4 c6 11. cxd5 cxd5 12. Nb5 Nxb5 13. Bxb5 Qb6 14. Qa4 Bd7
15. Bxd7 Qxb2 16. O-O Nxd7 17. Qxd7 Rfd8 18. Qf5 g6 19. Qd3 b6 20. Nd4 Rac8 21.
a3 Be5 22. Rfb1 Bxd4 23. Rxb2 Bxb2 24. Rb1 Bf6 25. g3 d4 26. e4 Rc6 27. Qa6
Rdd6 28. Rb5 Re6 29. d3 Be7 30. a4 Rc1+ 31. Kg2 Bc5 32. Rb2 g5 33. Qa8+ Kg7 34.
Qd5 h6 35. Qb3 Rc3 36. Qb5 Rc1 1/2-1/2

[Event "ARA Campeonato de Aragon por Equipos Preferente Grupo II (204366)"]
[Site ""]
[Date "2019.02.16"]
[Round "4.64"]
[White "Vela Frago, Alberto"]
[Black "Javierre Conesa, Alfonso"]
[Result "1-0"]
[WhiteElo "1846"]
[BlackElo "1911"]
[PlyCount "0"]
[WhiteTeam "St. Casablanca B"]
[BlackTeam "Las Fuentes"]
[EventDate "2019.01.26"]

1. e4 d6 2. d4 Nf6 3. Nc3 g6 4. f4 Bg7 5. Nf3 c5 6. dxc5 Qa5 7. Qd4 Qxc5 8.
Qxc5 dxc5 9. e5 Ng4 10. Nd5 Kd8 11. h3 Nh6 12. Be3 e6 13. Nc3 Nd7 14. O-O-O Ke7
15. Bb5 b6 16. Bc6 Rb8 17. Nb5 a6 18. Nd6 Rd8 19. Rd2 Nf5 20. Nxf5+ gxf5 21.
Rhd1 h6 22. Bf2 1-0

[Event "ARA Campeonato de Aragon por Equipos Preferente Grupo II (204366)"]
[Site ""]
[Date "2019.02.16"]
[Round "4.65"]
[White "Buisan Zaharia, Pedro"]
[Black "Fontana Sotomayor, Luis Javier"]
[Result "0-1"]
[WhiteElo "1918"]
[BlackElo "2256"]
[PlyCount "0"]
[WhiteTeam "Jaque B"]
[BlackTeam "Jaime Casas B"]
[EventDate "2019.01.26"]

1. d4 f5 2. Nf3 Nf6 3. c4 e6 4. e3 d5 5. b3 c6 6. Be2 Bd6 7. O-O Qe7 8. Bb2 O-O
9. Qc1 b6 10. Ba3 Bb7 11. Bxd6 Qxd6 12. Qa3 c5 13. dxc5 bxc5 14. Nc3 Nbd7 15.
Rfd1 a6 16. Rac1 Rac8 17. Rc2 Kh8 18. cxd5 exd5 19. Qa4 Rfd8 20. Qh4 Nf8 21.
Rcd2 Ne4 22. Nxe4 fxe4 23. Ng5 Qf6 24. g3 Re8 25. Qf4 Qxf4 26. gxf4 Rc7 27. f5
Re5 28. Ne6 Nxe6 29. fxe6 Rxe6 30. h3 g6 31. Kh2 Rf6 32. Kg2 d4 33. Bc4 Rc8 34.
Kg1 Rcf8 35. exd4 cxd4 36. Rxd4 Rxf2 37. Rd7 Bc8 38. Re7 Bxh3 39. Rxe4 Rxa2 40.
Re3 Bg4 41. Rde1 Bf3 42. Be2 Bxe2 43. R1xe2 Rxe2 44. Rxe2 Rf3 45. Re6 Rxb3 46.
Rxa6 Kg7 47. Kg2 h5 48. Ra5 Kh6 49. Rc5 h4 50. Ra5 g5 51. Kh2 Kh5 52. Ra4 Rb2+
53. Kh1 h3 54. Rc4 g4 55. Rc3 Kh4 56. Rc1 Rf2 57. Re1 g3 58. Ra1 g2+ 59. Kh2
Rf1 0-1

[Event "ARA Campeonato de Aragon por Equipos Preferente Grupo II (204366)"]
[Site ""]
[Date "2019.02.16"]
[Round "4.66"]
[White "Maza Broto, Pablo"]
[Black "Carrasquer Alonso, Luis"]
[Result "1-0"]
[WhiteElo "2065"]
[BlackElo "1840"]
[PlyCount "0"]
[WhiteTeam "Jaime Casas B"]
[BlackTeam "Jaque B"]
[EventDate "2019.01.26"]

1. c4 Nf6 2. Nc3 e5 3. g3 Be7 4. Bg2 c6 5. d4 exd4 6. Qxd4 d6 7. Bf4 Be6 8. Nf3
d5 9. Ng5 O-O 10. Nxe6 fxe6 11. Qe5 Kf7 12. Bh3 Qd7 13. O-O-O Bb4 14. f3 Qe7
15. Qe3 Nbd7 16. Qd3 d4 17. Ne4 Kg8 18. Qxd4 e5 19. Nxf6+ Qxf6 20. Qxd7 exf4
21. Rd4 Bc5 22. Rd3 Rad8 23. Qe6+ Qxe6 24. Bxe6+ Kh8 25. gxf4 Rde8 26. f5 g6
27. e4 Kg7 28. Rhd1 Kf6 29. Rd7 Re7 30. Rxe7 Bxe7 31. Rd7 Rb8 32. f4 gxf5 33.
Bxf5 Bc5 34. Kd2 Rg8 35. Bh3 Rg7 36. e5+ Kg6 37. f5+ Kh6 38. Rxg7 Kxg7 39. Kd3
Bg1 40. Ke4 Bxh2 41. f6+ Kf7 42. Kf5 Bg1 43. e6+ Ke8 44. e7 Kf7 45. Bg4 1-0

[Event "ARA Campeonato de Aragon por Equipos Preferente Grupo II (204366)"]
[Site ""]
[Date "2019.02.16"]
[Round "4.67"]
[White "Carrasquer Alonso, Fernando"]
[Black "Rodriguez Leiva, Manuel"]
[Result "1-0"]
[WhiteElo "1741"]
[BlackElo "1932"]
[PlyCount "0"]
[WhiteTeam "Jaque B"]
[BlackTeam "Jaime Casas B"]
[EventDate "2019.01.26"]

1. e4 e5 2. Nf3 Nc6 3. Bc4 d6 4. c3 Na5 5. Qa4+ c6 6. Be2 b5 7. Qc2 Bg4 8. a4
a6 9. d4 Be7 10. dxe5 Bxf3 11. gxf3 dxe5 12. b4 Nb7 13. axb5 axb5 14. Rxa8 Qxa8
15. f4 exf4 16. Bxf4 Nf6 17. O-O O-O 18. Nd2 c5 19. Bf3 Qc8 20. e5 Nd7 21. bxc5
Nbxc5 22. Ne4 Nxe4 23. Bxe4 g6 24. Bh6 Re8 25. e6 Ne5 26. f4 Qc5+ 27. Kh1 Nc4
28. exf7+ Kxf7 29. f5 g5 30. Qe2 Rg8 31. f6 Bd6 32. Qg4 Ne5 33. Qh5+ Ng6 34.
Bxg5 Kf8 35. Qh6+ 1-0

[Event "ARA Campeonato de Aragon por Equipos Preferente Grupo II (204366)"]
[Site ""]
[Date "2019.02.16"]
[Round "4.69"]
[White "Veras Sanz, Marino"]
[Black "Accattato Martin, Mario"]
[Result "0-1"]
[WhiteElo "2084"]
[BlackElo "2215"]
[PlyCount "0"]
[WhiteTeam "El Olivar B"]
[BlackTeam "Monzon"]
[EventDate "2019.01.26"]

1. Nf3 Nf6 2. g3 b5 3. a4 b4 4. Bg2 Bb7 5. O-O e6 6. b3 Be7 7. Bb2 O-O 8. d3 d5 9.
Nbd2 a5 10. e4 dxe4 11. Ng5 Nd5 12. Nxe6 fxe6 13. Qg4 Bf6 14. Qxe6+ Kh8 15. Bxf6
Nxf6 16. Nxe4 Nxe4 17. Bxe4 Bxe4 18. Qxe4 Nd7 19. Rae1 Nf6 20. Qc6 Qd6 21. Re6 Qxc6
22. Rxc6 Ra7 23. Re1 Re8 24. Re3 Kg8 25. Kg2 Kf7 26. Kf3 Nd5 27. Re4 Rxe4 28. dxe4
Ne7 29. Rc5 Ke6 30. Ke3 Kd6 31. Rh5 h6 32. f4 Ra6 33. Kd3 Ke6 34. Rc5 Rd6+ 35. Ke2
Rc6 36. Re5+ Kd6 37. Kd2 Rc5 38. Rxc5 Kxc5 39. Ke3 Nc6 40. g4 g5 41. f5 Ne5 42.
h3 c6 43. f6 Kd6 44. Kd4 c5+ 45. Ke3 Ke6  0-1

[Event "ARA Campeonato de Aragon por Equipos Preferente Grupo II (204366)"]
[Site ""]
[Date "2019.02.16"]
[Round "4.70"]
[White "Barranco Mananet, Fernando"]
[Black "Gracia Campo, Carlos Alberto"]
[Result "1-0"]
[WhiteElo "2045"]
[BlackElo "2074"]
[PlyCount "0"]
[WhiteTeam "Monzon"]
[BlackTeam "El Olivar B"]
[EventDate "2019.01.26"]

1. e4 d6 2. d4 Nf6 3. Nc3 g6 4. f4 Bg7 5. Nf3 O-O 6. e5 dxe5 7. fxe5 Nd5 8. Bc4 Nb6
9. Bb3 Nc6 10. a4 Na5 11. Ba2 c5 12. dxc5 Qxd1+ 13. Nxd1 Nbc4 14. Bf4 Bg4 15. b4
Bxf3 16. gxf3 Nxe5 17. bxa5 Nxf3+ 18. Kf2 Bxa1 19. Kxf3 Rac8 20. Be3 Bf6 21. Nf2
Rfd8 22. Ne4 Kg7 23. Rf1 Rc6 24. Nxf6 Rxf6+ 25. Ke2 Rxf1 26. Kxf1 a6 27. Bc4 Rc8
28. Bb5 axb5 29. axb5 Kf6 30. c6 bxc6 31. b6 Ra8 32. b7  1-0

[Event "ARA Campeonato de Aragon por Equipos Preferente Grupo II (204366)"]
[Site ""]
[Date "2019.02.16"]
[Round "4.71"]
[White "Bailo Remacha, Santiago"]
[Black "Arrieta Restrepo, Steven"]
[Result "1/2-1/2"]
[WhiteElo "1965"]
[BlackElo "1949"]
[PlyCount "0"]
[WhiteTeam "El Olivar B"]
[BlackTeam "Monzon"]
[EventDate "2019.01.26"]

1. g3 d5 2. Bg2 Nf6 3. Nf3 Bf5 4. b3 c6 5. Bb2 e6 6. O-O Nbd7 7. d3 Qc7 8. c4 Bd6
9. Nc3 O-O 10. Nd4 Bg6 11. cxd5 exd5 12. Rc1 Qa5 13. a3 Qd8 14. b4 a6 15. e4 Be5
16. Nf5 Bxf5 17. exf5 Bd4 18. Kh1 a5 19. g4 h6 20. f4 Nh7 21. Rc2 axb4 22. axb4
Ndf6 23. h4 h5 24. Bf3 Nxg4 25. Bxg4 Qxh4+ 26. Rh2 Qxg4 27. Rxh5 Qxd1 28. Nxd1 Bxb2
29. Nxb2 g6 30. Rg1 Kg7 31. fxg6 fxg6 32. f5 Rf6 33. fxg6 Rxg6 34. Re1 Nf8 35. Re7+
Kf6 36. Re2 Ne6 37. Rh7 Ng7 38. Rf2+ Ke6 39. Re2+ Kd6 40. Kh2 Ne6 41. Nd1 Nf4 42.
Rd2 b6 43. Ne3 c5 44. bxc5+ bxc5 45. Nf5+ Ke5 46. Ne7 Rg5 47. Rh6 Rh5+ 48. Rxh5+
Nxh5 49. d4+ cxd4 50. Nc6+ Kd6 51. Nxd4 Nf6 52. Kg2 Ne4 53. Nb5+ Kc6 54. Rb2 Rg8+
55. Kf3 Kc5 56. Nc7 Kd4  1/2-1/2

[Event "ARA Campeonato de Aragon por Equipos Preferente Grupo II (204366)"]
[Site ""]
[Date "2019.02.16"]
[Round "4.72"]
[White "Hidalgo Gracia, Andres"]
[Black "Munoz Valles, Jorge"]
[Result "1-0"]
[WhiteElo "1846"]
[BlackElo "1441"]
[PlyCount "0"]
[WhiteTeam "Monzon"]
[BlackTeam "El Olivar B"]
[EventDate "2019.01.26"]

1. c4 e5 2. Nc3 Nf6 3. g3 d6 4. Bg2 Be7 5. Nf3 O-O 6. O-O Nbd7 7. d4 c6 8. b3 Qc7
9. Bb2 b6 10. Rc1 Bb7 11. Nh4 Rfe8 12. d5 Bf8 13. dxc6 Bxc6 14. Nb5 Qb7 15. Nxd6
Bxd6 16. Qxd6 Bxg2 17. Nxg2 Rad8 18. Rfd1 Qc8 19. Qb4 Ne4 20. Ne3 Re6 21. Nd5 Ndc5
22. f3 Nd6 23. e4 Rde8 24. Qd2 Rg6 25. b4 Ne6 26. Bxe5 Ng5 27. Qc3 Nxf3+ 28. Qxf3
Rxe5 29. c5 bxc5 30. Rxc5 Qb8 31. Nf4 Rgg5 32. Rxd6 Rxc5 33. bxc5 Rxc5 34. Qd1 Rc8
35. Rd7 Qb6+ 36. Qd4 Qb1+ 37. Qd1 Qb6+ 38. Kg2 h6 39. Qd4 Rc2+ 40. Kh3 Qa6 41. Qd5
Qf1+ 42. Kg4 h5+ 43. Qxh5  1-0

[Event "División de Honor Aragonesa 2019 - Encuentros por tableros Global"]
[Site "Aragon"]
[Date "2019.02.23"]
[Round "5.1"]
[White "Lana Rodriguez, David"]
[Black "Forcen Esteban, Daniel"]
[Result "0-1"]
[WhiteElo "2334"]
[BlackElo "2567"]
[PlyCount "0"]
[WhiteTeam "Agrupacion"]
[BlackTeam "Jaime Casas"]
[EventDate "2019.01.26"]

1. e4 e5 2. Nf3 Nc6 3. Bb5 g6 4. O-O Bg7 5. c3 a6 6. Ba4 b5 7. Bb3 d6 8. a4 Bb7
9. axb5 axb5 10. Rxa8 Qxa8 11. Na3 Ba6 12. d3 Nf6 13. Ng5 O-O 14. f4 h6 15.
fxe5 Nxe5 16. Nf3 Ned7 17. Nc2 Bb7 18. Ncd4 Qa6 19. Nh4 Kh7 20. Ndf3 c5 21. Qe2
b4 22. Bc4 Qb6 23. cxb4 Qxb4 24. b3 d5 25. exd5 Nxd5 26. Qe1 Qb6 27. Qg3 Qc6
28. Qh3 N7b6 29. Ng5+ Kg8 30. Ne4 f5 31. Nf2 Nxc4 32. bxc4 Nc3 33. Bd2 g5 34.
Bxc3 Bxc3 35. Nf3 g4 36. Qg3 h5 37. Nd1 f4 38. Qh4 Bf6 39. Qxh5 gxf3 40. gxf3
0-1

[Event "División de Honor Aragonesa 2019 - Encuentros por tableros Global"]
[Site "Aragon"]
[Date "2019.02.23"]
[Round "5.2"]
[White "Antoli Royo, Joaquin Miguel"]
[Black "Lacruz Algarate, Alvaro"]
[Result "1-0"]
[WhiteElo "2438"]
[BlackElo "2144"]
[PlyCount "0"]
[WhiteTeam "Jaime Casas"]
[BlackTeam "Agrupacion"]
[EventDate "2019.01.26"]


1. e4 c5 2. Nf3 e6 3. g3 Nc6 4. Bg2 Be7 5. O-O d5 6. exd5 Qxd5 7. d4 Nxd4 8.
Nxd4 Qxd4 9. Qe2 Nf6 10. Na3 O-O 11. Bf4 Qxb2 12. Nb5 Bd7 13. a4 a6 14. Rab1
Qa2 15. Nc3 Qa3 16. Rb3 1-0

[Event "División de Honor Aragonesa 2019 - Encuentros por tableros Global"]
[Site "Aragon"]
[Date "2019.02.23"]
[Round "5.3"]
[White "Moreno Martin-Viveros, Alvaro"]
[Black "Ramiro Ovejero, Juan Luis"]
[Result "1/2-1/2"]
[WhiteElo "2082"]
[BlackElo "2358"]
[PlyCount "0"]
[WhiteTeam "Agrupacion"]
[BlackTeam "Jaime Casas"]
[EventDate "2019.01.26"]

1. e4 d6 2. d4 Nf6 3. Nc3 c6 4. Nf3 Bg4 5. h3 Bh5 6. Bc4 e6 7. Bg5 h6 8. Bh4
Qb6 9. Bb3 Nbd7 10. g4 Bg6 11. Qe2 Be7 12. O-O-O d5 13. exd5 cxd5 14. Ne5 Nxe5
15. dxe5 Ne4 16. Ba4+ Kf8 17. Bxe7+ Kxe7 18. Rxd5 Nxc3 19. Rd7+ Kf8 20. bxc3
Qa5 21. Qb5 Qxc3 22. Qxb7 Re8 23. Kb1 Rc8 24. Rhd1 Bxc2+ 25. Bxc2 Qxc2+ 26. Ka1
Kg8 27. Qf3 Kh7 28. Qd3+ Qxd3 29. R1xd3 Rc2 30. Rd2 Rc5 31. Rxa7 Rb8 32. a3 Kg6
33. f4 Rb3 34. h4 h5 35. gxh5+ Kxh5 36. Rg2 Rcc3 37. Ka2 Rf3 38. Rxg7 Rbe3 39.
Rg2 Kxh4 40. Rxf7 Rxa3+ 1/2-1/2

[Event "División de Honor Aragonesa 2019 - Encuentros por tableros Global"]
[Site "Aragon"]
[Date "2019.02.23"]
[Round "5.4"]
[White "Gines Esteo, Pedro Antonio"]
[Black "Montes Santos, Lorenzo"]
[Result "1-0"]
[WhiteElo "2318"]
[BlackElo "2052"]
[PlyCount "0"]
[WhiteTeam "Jaime Casas"]
[BlackTeam "Agrupacion"]
[EventDate "2019.01.26"]

1. d4 g6 2. Nf3 Bg7 3. e4 d6 4. Be2 Nf6 5. Nc3 O-O 6. O-O c6 7. a4 Bg4 8. Be3
a5 9. h3 Bxf3 10. Bxf3 Nbd7 11. g3 e6 12. Bg2 Ne8 13. Qd2 Nc7 14. Rad1 f5 15.
Bg5 Bf6 16. Bf4 d5 17. e5 Be7 18. Bh6 Rf7 19. h4 Bf8 20. Bg5 Be7 21. Ne2 Bxg5
22. hxg5 Qe7 23. c3 Rff8 24. f4 b5 25. Ra1 Nb6 26. axb5 cxb5 27. Nc1 Nc4 28.
Qf2 a4 29. Nd3 Na6 30. Ra2 Na5 31. b4 Nc4 32. Nc5 Nb8 33. Qf3 Nb6 34. Rb1 N8d7
35. Bf1 Nc4 36. Bxc4 dxc4 37. Qb7 Rfd8 38. Qxb5 Nxc5 39. bxc5 Qc7 40. Qb7 Qa5
41. Rh2 Ra7 42. Qb6 Ra6 43. Qxa5 Rxa5 44. Rb7 a3 45. Rbxh7 Rf8 46. Rh8+ Kf7 47.
Rxf8+ Kxf8 48. Ra2 Ke7 49. Kf2 Kd7 50. d5 exd5 51. Ke3 Kc6 52. Kd4 Ra6 53. e6
Ra7 54. Ke5 Kxc5 55. Kf6 Kd6 56. e7 Rxe7 57. Rxa3 Re6+ 58. Kf7 Re3 59. Kxg6 Kc5
60. Kxf5 Kb5 61. g6 d4 1-0

[Event "División de Honor Aragonesa 2019 - Encuentros por tableros Global"]
[Site "Aragon"]
[Date "2019.02.23"]
[Round "5.6"]
[White "Gavin Roche, Enrique"]
[Black "Calvo Simon, Jorge"]
[Result "1-0"]
[WhiteElo "2220"]
[BlackElo "2192"]
[PlyCount "0"]
[WhiteTeam "ONCE C.A. Aragon"]
[BlackTeam "Helios"]
[EventDate "2019.01.26"]

1. d4 Nf6 2. c4 g6 3. Nc3 Bg7 4. e4 d6 5. Be2 O-O 6. Nf3 e5 7. d5 a5 8. Bg5 Na6
9. Nd2 Qe8 10. a3 h6 11. Be3 Bd7 12. b3 Nh7 13. Rb1 f5 14. f3 f4 15. Bf2 g5 16.
b4 axb4 17. axb4 b6 18. Qb3 Kh8 19. Qb2 Nf6 20. Ra1 Qc8 21. h3 Qb7 22. Nb5 h5
23. Ra3 Ng8 24. Bd3 Bxb5 25. cxb5 Nb8 26. Rxa8 Qxa8 27. Ke2 Qb7 28. Ra1 Rf7 29.
Ra3 Bf8 30. Qa2 Rg7 31. Ra8 Nd7 32. Ra7 Qc8 33. Qc4 Ngf6 34. Bxb6 Ne8 35. Bf2
g4 36. hxg4 hxg4 37. b6 gxf3+ 38. gxf3 1-0

[Event "División de Honor Aragonesa 2019 - Encuentros por tableros Global"]
[Site "Aragon"]
[Date "2019.02.23"]
[Round "5.7"]
[White "Guzman Moneo, Alberto"]
[Black "Laliena Solanes, Luis"]
[Result "1-0"]
[WhiteElo "2170"]
[BlackElo "2177"]
[PlyCount "0"]
[WhiteTeam "Helios"]
[BlackTeam "ONCE C.A. Aragon"]
[EventDate "2019.01.26"]

1. c4 e5 2. Nc3 Nc6 3. Nf3 Bb4 4. d4
exd4 5. Nxd4 Nf6 6. e3 O-O 7. Be2 Ne4 8. Qc2 Re8 9. O-O Nxd4 10. exd4 Nxc3 11.
bxc3 Bxc3 12. Qxc3 Rxe2 13. Be3 d5 14. cxd5 Qxd5 15. Qxc7 Bd7 16. Rfc1 Bc6 17.
Qg3 Re8 18. Qf3 Qxf3 19. gxf3 h5 20. f4 h4 21. h3 Rd8 22. Rc5 Rd5 23. Rxd5 Bxd5
24. a4 g6 25. f5 gxf5 26. Rc1 Ra2 27. Bg5 Rxa4 28. Bxh4 Kg7 29. Bg3 Kg6 30. Bb8
a5 31. Rc5 Be4 32. Bc7 Ra1+ 33. Kh2 a4 34. d5 a3 35. Be5 Rh1+ 36. Kg3 a2 37.
Ra5 f6 38. Bb2 Rb1 39. Rxa2 Bxd5 40. Ra5 Rxb2 41. Rxd5 Rb3+ 42. f3 Rb4 43. Rd7
f4+ 44. Kh4 Rb5 45. Kg4 Rb4 46. Rd5 b5 47. h4 Rb1 48. Kxf4 b4 49. h5+ Kg7 50.
Rb5 b3 51. Kf5 b2 52. f4 Rh1 53. Rb7+ Kf8 54. Rxb2 Rxh5+ 55. Kxf6 Rh6+ 56. Kg5
Ra6 57. Rb8+ Kf7 58. Rb7+ Kf8 59. f5 Ra1 60. Kg6 Rg1+ 61. Kf6 Ke8 62. Rb8+ Kd7
63. Kf7 Rf1 64. f6 Rf2 65. Rb1 Kd8 66. Rd1+ Kc7 67. Ke7 Re2+ 68. Kf8 Rf2 69. f7
Kc6 70. Rd8 Kc7 71. Re8 Kd7 72. Kg7 Rg2+ 73. Kh6 Rh2+ 74. Kg5 1-0

[Event "División de Honor Aragonesa 2019 - Encuentros por tableros Global"]
[Site "Aragon"]
[Date "2019.02.23"]
[Round "5.8"]
[White "Cobo Garrido, Diego Israel"]
[Black "Cerrajeria Ruiz, Jesus Maria"]
[Result "0-1"]
[WhiteElo "2084"]
[BlackElo "2137"]
[PlyCount "0"]
[WhiteTeam "ONCE C.A. Aragon"]
[BlackTeam "Helios"]
[EventDate "2019.01.26"]

1. e4 c5 2. Nf3 g6 3. d4 cxd4 4. Qxd4 Nf6 5. Nc3 Nc6 6. Qa4 d6 7. e5 dxe5 8.
Nxe5 Qd4 9. Nxc6 Qxa4 10. Nxa4 bxc6 11. Bd3 Bg7 12. Be3 Nd5 13. Bc5 O-O 14. O-O
Rd8 15. Rfe1 e5 16. c4 Nb6 17. Bxb6 Rxd3 18. Bc7 f6 19. Nc5 Rd4 20. Rad1 Bf5
21. b3 Bf8 22. Na4 Bb4 23. Rxd4 exd4 24. Rf1 Bd3 25. Rd1 Re8 26. f3 Re1+ 27.
Rxe1 Bxe1 28. Nb2 Be2 29. Bg3 Bc3 30. Na4 Bb4 31. Kf2 Bd3 32. Bb8 Bc2 33. Bxa7
d3 34. Nb2 Bc3 35. Na4 Bb4 36. Nb2 Ba3 37. Nxd3 Bxd3 38. Bd4 Kf7 39. Ke3 Bb1
40. Kd2 c5 41. Bf2 Ke6 42. Kc3 h5 43. Bg3 Kf5 44. Bd6 g5 45. Bc7 g4 46. Bd6
gxf3 47. gxf3 Kg5 48. Be7 Bg6 49. Bd8 Be8 50. Kc2 Bg6+ 51. Kc3 h4 52. Be7 h3
53. Bd8 Bh5 54. f4+ Kf5 55. Be7 Bf3 56. Kc2 Be4+ 57. Kc3 Ke6 58. Bd8 Bb1 59.
Bc7 f5 60. Ba5 Kf6 61. b4 cxb4+ 62. Bxb4 Bc1 63. Bd6 Bxa2 64. Kd4 Ke6 65. Bc7
Bb2+ 66. Kc5 Bc3 67. Kb5 Be1 68. Bb6 Bd2 69. Bc7 Be3 70. c5 Bg1 71. Be5 Bxh2
72. c6 Bg1 73. Ka6 Bd5 74. c7 Kd7 0-1

[Event "División de Honor Aragonesa 2019 - Encuentros por tableros Global"]
[Site "Aragon"]
[Date "2019.02.23"]
[Round "5.9"]
[White "Adla, Diego"]
[Black "Gracia Suarez, Jesus"]
[Result "1-0"]
[WhiteElo "2441"]
[BlackElo "2080"]
[PlyCount "0"]
[WhiteTeam "St. Casablanca"]
[BlackTeam "San Jose"]
[EventDate "2019.01.26"]

1. c4 c5 2. Nf3 Nf6 3. Nc3 d5 4. cxd5 Nxd5 5. e4 Nb4 6. Bc4 Be6 7. Bxe6 Nd3+ 8.
Kf1 fxe6 9. Ng5 Qb6 10. Qf3 c4 11. b3 Ne5 12. Qe3 Qa6 13. b4 h6 14. Qh3 Kd7 15.
Nf3 Nd3 16. Rb1 Qb6 17. Qg3 g5 18. Ne5+ Nxe5 19. Qxe5 Rg8 20. Na4 Qd6 21. Qb5+
Qc6 22. Nc5+ Kc8 23. Qxc4 Rg6 24. b5 Qc7 25. Rb4 Bg7 26. Nxe6 1-0

[Event "División de Honor Aragonesa 2019 - Encuentros por tableros Global"]
[Site "Aragon"]
[Date "2019.02.23"]
[Round "5.10"]
[White "Gutierrez Mingueza, Ruben"]
[Black "Glavina, Pablo"]
[Result "0-1"]
[WhiteElo "2068"]
[BlackElo "2397"]
[PlyCount "0"]
[WhiteTeam "San Jose"]
[BlackTeam "St. Casablanca"]
[EventDate "2019.01.26"]

1. d4 Nf6 2. Bg5 g6 3. Bxf6 exf6 4. e3 Bg7 5. c4 f5 6. Ne2 O-O 7. Nbc3 c5 8.
dxc5 b6 9. cxb6 Qxb6 10. Qd2 Nc6 11. Nf4 Rb8 12. b3 Nb4 13. Be2 Bb7 14. O-O g5
15. Nh5 Bh8 16. Rac1 Qc6 17. Bf3 Qg6 18. Bxb7 Rxb7 19. Ng3 Re8 20. Nd5 a5 21.
Rfd1 Be5 22. f4 Bg7 23. Re1 h6 24. Rcd1 Bf8 25. Nh5 Re6 26. Ng3 a4 27. e4 axb3
28. axb3 Nxd5 29. Qxd5 Rxb3 30. c5 Rc3 31. exf5 Rxe1+ 32. Rxe1 Rxc5 33. fxg6
Rxd5 34. gxf7+ Kxf7 35. fxg5 Bc5+ 36. Kh1 hxg5 37. Ne4 Bb4 38. Rf1+ Kg6 39.
Rf6+ Kg7 40. Rf1 Re5 41. Ng3 Kg6 42. Rd1 Bc5 43. Nf1 d5 44. h3 d4 45. Nd2 Rd5
46. Nf3 Kf5 47. Kg1 Kf4 48. Kf1 d3 49. Ke1 Be3 50. Rb1 Kg3 51. Kf1 d2 52. Rd1
Rd8 53. Ke2 Bf4 54. Kf1 Rd7 55. Ng1 Rc7 56. Ne2+ Kh2 57. Nxf4 Rc1 58. Ke2 Rxd1
59. Kxd1 gxf4 60. h4 Kxg2 0-1